00247nam a2200097Ia 4500008004100000100001800041245003300059260003100092300000800123650001800131191201s2005 xx 000 0 und d aDADABHOY, Bak 0a"Jeh", a Life of J.R.D. Tata aN.DelhibRupa and Coc2005 a165 aGeneral Books